00519nam a22001577a 450000500170000001000150001702000270003203500140005903700090007308200140008210000270009624500550012326000680017827000900024630000250033620241114170203.0 aENG-142616 a9789356065864c1090.00 aEN-126148 bDBAD a610.7324 aTabloski, Patricia A.  aGerontological Nursing/cBy Patricia A. Tabloski  aUttar PradeshbPearson India Education Services Pvt. Ltd.c2025 a1st Floor, Berger Tower, Plot No. C-001A/2, Sector 16BbNoida (Uttar Pradesh)e201301 axxi, 765p.c25cm(pb)